Quick Pick: Animal by Species Quiz Stats

 Plays Quiz Updated Nov 16, 2017

Challenge
Share
Tweet
Embed
Score 0/10 Timer 01:30
2 Plays Today
% Correct
bat
86.5%
tuna
86%
beetle
85.2%
penguin
77.1%
leopard
54.5%
jellyfish
54.2%
toad
50.1%
starfish
44.8%
grasshopper
24.3%
weasel
22.5%

Today's Daily Dose

You're not logged in!

Compare scores with friends on all Sporcle quizzes.
OR
Log In

You Might Also Like...

Show Comments

Extras

Top Quizzes Today


Score Distribution

Your Account Isn't Verified!

In order to create a playlist on Sporcle, you need to verify the email address you used during registration. Go to your Sporcle Settings to finish the process.

Report this User

Report this user for behavior that violates our Community Guidelines.

Details: